La arquitectura del sentido II: la producción y reproducción en las prácticas semiótica-discursivas
Na minha lista:
| Main Authors: | , |
|---|---|
| Formato: | Livro |
| Idioma: | espanhol |
| Publicado em: |
Ciudad de México
Instituto Nacional de Antropología e Historia
2011
|
| Edição: | 1a. ed |
| Assuntos: | |
| Tags: |
Adicionar Tag
Sem tags, seja o primeiro a adicionar uma tag!
|
MARC
| LEADER | 00000cam a2200000 a 4500 | ||
|---|---|---|---|
| 001 | UCF3673 | ||
| 003 | CL-VaPUC | ||
| 008 | 121025e20110000MX |||||||||||||||||spa|d | ||
| 020 | |a 9786074841565 | ||
| 082 | 0 | 4 | |a 401.41 |b HAI |2 21 |
| 100 | 0 | |a Haidar, Julieta |e author |9 565419 | |
| 700 | 0 | |a Sánchez Guevara, Graciela |e author |9 565420 | |
| 245 | 1 | 3 | |a La arquitectura del sentido II: la producción y reproducción en las prácticas semiótica-discursivas |
| 250 | |a 1a. ed | ||
| 300 | |a 569 p | ||
| 942 | |c BK | ||
| 945 | |d 20121025 00:00:00 |a dcastane | ||
| 260 | |a Ciudad de México |b Instituto Nacional de Antropología e Historia |c 2011 | ||
| 500 | |a Incluye CD | ||
| 650 | 0 | |a Análisis del discurso |9 256696 | |
| 650 | 0 | |a Semiología |9 317916 | |
| 650 | 0 | |a Lingüística |9 265068 | |
| 583 | |a last modification |c 20121025 12:11:00 |k Rodrigo Vera | ||
| 999 | |c 349863 |d 349861 | ||
| 952 | |0 0 |1 0 |4 0 |6 401_410000000000000_HAI_2011 |7 0 |8 A |9 452718 |a FDOPOS |b FDOPOS |d 2019-11-22 |i 4919068 |o 401.41 HAI 2011 |p 4919068 |r 2025-01-22 |w 2019-11-22 |y BK |k DLA | ||